| 000 | 00463nam a2200169Ia 4500 | ||
|---|---|---|---|
| 003 | OSt | ||
| 005 | 20201221151320.0 | ||
| 008 | 190216s9999||||xx |||||||||||||| ||und|| | ||
| 040 | _coclc | ||
| 082 |
_a894.812 _bDAN/V |
||
| 100 |
_aDaniel, K M _97280 |
||
| 245 | 0 |
_aVimarsha Veedhi / _cK M Daniel |
|
| 260 |
_bP K Brothers, _aKozhikode: _c1958. |
||
| 300 | _a109p | ||
| 650 | _aLekhanam | ||
| 942 |
_cBK _2ddc _h894.812 _iDAN/V _k894.812 _mDAN/V |
||
| 999 |
_c26416 _d26416 |
||